Sports Quiz

Random Sports or Decade Quiz
Score 0/16 Timer 03:00
20 Plays Today
% Correct
Pedro Martinez (2015)
96.7%
Cal Ripken Jr. (2007)
96.4%
Randy Johnson (2015)
96.4%
Reggie Jackson (1993)
96.1%
Ken Griffey Jr. (2016)
95.9%
Mike Schmidt (1995)
95.2%
Rickey Henderson (2009)
94.8%
Iván Rodriguez (2017)
94.5%
% Correct
Nolan Ryan (1999)
94.3%
John Smoltz (2015)
94.2%
Tony Gwynn (2007)
93.9%
Tom Seaver (1992)
93.2%
Craig Biggio (2015)
92.5%
Ozzie Smith (2002)
92.2%
Andre Dawson (2010)
91.9%
Barry Larkin (2012)
91.7%

You're not logged in!

Compare scores with friends on all Sporcle quizzes.
OR
Log In

Sporcle TV

Today on Sporcle TV


Watch our educational content, quiz creation guides, and fun videos on Sporcle TV.

Show Comments

Extras

Top Quizzes Today


Score Distribution

Paid Content

Your Account Isn't Verified!

In order to create a playlist on Sporcle, you need to verify the email address you used during registration. Go to your Sporcle Settings to finish the process.

Report this User

Report this user for behavior that violates our Community Guidelines.

Details: